Natural Landmarks in the Solar System - Statistics

General Stats
  • This quiz has been taken 262 times
  • The average score is 14 of 20
Answer Stats
Hint Answer % Correct
The second highest peak on Earth K2
92%
The oldest and deepest lake on Earth Lake Baikal
89%
Volcano that destroyed the city of Pompeii when it erupted in 79 AD Vesuvius
89%
The largest coral reef on Earth Great Barrier Reef
85%
Large waterfall located on the Zambezi River Victoria Falls
85%
Largest freshwater lake on Earth by area Lake Superior
83%
Sacred sandstone rock in central Australia Uluru
82%
Driest nonpolar desert on earth, located in Chile Atacama
76%
Archipelago off the southernmost tip of South America Tierra del Fuego
72%
Jovian moon thought to contain liquid water Europa
71%
Arboreal area in southwestern Germany with a cake named after it Black Forest
70%
Tallest peak in the solar system, located on Mars Olympus Mons
67%
Famous flat topped mountain in South Africa Table Mountain
67%
Smallest dwarf planet in our solar system Ceres
63%
Array of basalt columns in Northern Ireland Giant's Causeway
62%
A massive, 200 year-old storm on Jupiter Great Red Spot
58%
Yemeni island off the Horn of Africa, famous for it's unique plant life Socotra
56%
Lunar mare used as the landing site for the Apollo 11 spaceflight Sea of Tranquility
53%
Lake in North America home to bull sharks Lake Nicaragua
51%
Fiord located on the South Island of New Zealand Milford Sound
16%
No matching quizzes found
Score Distribution
Percent of People with Each Score
Percentile by Number Answered
Your Score History
You have not taken this quiz